000 00512nam a2200217Ia 4500
003 OSt
005 20140311163151.0
008 140130s9999 xx 000 0 und d
020 _a9780590613866
050 _aHQ 755.85
_b.M66 1994
100 _aMorris, Ann
_929586
245 _aLoving /
_cAnn Morris.
260 _bScholastic,
_a1994.
_cnew York :
300 _a20 p. :
_bcol. ill. ;
_c19 cm.
440 _v1
521 _aG3
526 _c590
942 _cBK
_2lcc
999 _c42265
_d42265